000 00460nam a2200157 4500
001 113471
003 ES-MaACL
005 20230906185914.0
007 t|
008 061121s1927 sp r ||||1| spa d
100 1 _aPabón, José Manuel.
_988100
245 1 0 _aAlgunas influencias del `Fausto`, de Goethe , en España /
_cpor José Manuel Pabón.
260 _aZaragoza :
_bLa Academia,
_c1927.
300 _a47 p. ;
_c24 cm.
852 _aES-MaACL
_j1734-F-22
999 _c113471
_d113471